| 000 | 00654nam a2200205Ia 4500 | ||
|---|---|---|---|
| 001 | 10643 | ||
| 003 | GE_BSU | ||
| 008 | 181216s||||||||xx |||||||||||||| ||und|| | ||
| 040 | _cGE_BSU | ||
| 245 | _aКлиническая медицина.Том 92. №5 2014. | ||
| 245 | _bнаучно-практический журнал. | ||
| 245 | _cГл. ред. В.Б.Симоненко. | ||
| 260 | _aМосква | ||
| 260 | _bПодольская Периодика. | ||
| 260 | _c2014. | ||
| 300 | _a80стр.29см. | ||
| 653 | _aКлиническая медицина | ||
| 653 | _aнаучно-практический журнал. | ||
| 942 | _cCR | ||
| 999 |
_c43894 _d43894 |
||